000 00638nam a22002417a 4500
003 UA-OsUOA
001 75278
007 ta
008 20110517b un ||||| |||| 00| 0 ukr d
100 _aХартахай Ф.А.
090 _a821.161.1
_bХ22
942 _cBK
040 _aUA-OsUOA
_brus
_cUA-OsUOA
_dUA-OsUOA
245 _aСобрание сочинений
300 _a573 с.
955 _a3
041 _arus
080 _a821.161.1
020 _a966-8168-81-Х
260 _aДонецк
_bЮго-Восток
_c2004
650 7 _a82 Література. Літературознавство
_2UDC
999 _c361579
_d361579